| 000 | 00797nam a2200193Ii 4500 | ||
|---|---|---|---|
| 003 | JO-AjNU | ||
| 008 | 230605s9999||||xx |||||||||||||| ||und|| | ||
| 040 |
_aJO-AjNU _bara _erda _cJO-AjNU |
||
| 041 | _aara | ||
| 050 | 1 | 4 | _aHV1568 .M837 1995 |
| 100 | 3 |
_a فهمي، محمد سيد؛ تقديم: غريب سيد احمد , _eauthor _913580 |
|
| 245 | 0 | 0 | _aالسلوك الاجتماعي للمعوقين : دراسة في الخدمة الاجتماعية |
| 264 | 3 | 1 | _aالاسكندرية: دار المعرفة الجامعية، 1995 |
| 300 |
_a260ص _bيحتوي على ببلوغرافية من 245-260ص |
||
| 336 |
_atext _btxt _2rdacontent |
||
| 337 |
_aunmediated _bn _2rdamedia |
||
| 338 |
_avolume _bnc _2rdacarrier |
||
| 650 | 4 |
_aالمعوقون - رعاية اجتماعية _913581 |
|
| 999 |
_aA3418 _c6986 _d6986 |
||